Sports Quiz

Random Sports or MLB Quiz

MLB 50 Home Run Club by Picture Quiz Stats

 Plays Quiz Updated Aug 3, 2015

Score 0/29 Timer 07:00
0 Plays Today
% Correct
2017 (52), Aaron Judge
96.3%
2017 (59), Giancarlo Stanton
95.5%
2006 (54), David Ortiz
94.8%
2001 (73), Barry Bonds
94.6%
2001 (52), 2002 (57), 2007 (54), Alex Rodriguez
94.5%
2007 (50), Prince Fielder
94.1%
1998 (66), 1999 (63), 2000 (50), 2001 (64), Sammy Sosa
92.4%
1997 (56), 1998 (56), Ken Griffey, Jr.
91.6%
2006 (58), Ryan Howard
91.1%
1920 (54), 1921 (59), 1927 (60), 1928 (54), Babe Ruth
90%
1996 (52), 1997 (58), 1998 (70), 1999 (65), Mark McGwire
89.4%
2010 (54), José Bautista
88.5%
2002 (52), Jim Thome
87.6%
2013 (53), Chris Davis
84.8%
1955 (51), 1965 (52), Willie Mays
84.8%
% Correct
1956 (52), 1961 (54), Mickey Mantle
83%
2005 (51), Andruw Jones
81.9%
1990 (51), Cecil Fielder
79.3%
2001 (57), Luis Gonzalez
78.1%
1961 (61), Roger Maris
76.4%
1995 (50), Albert Belle
65.9%
1996 (50), Brady Anderson
62.7%
1977 (52), George Foster
45.6%
1938 (58), Hank Greenberg
45.6%
1932 (58), 1938 (50), Jimmie Foxx
45.4%
1998 (50), Greg Vaughn
43.1%
1947 (51), 1949 (54), Ralph Kiner
37.6%
1930 (56), Hack Wilson
28.5%
1947 (51), Johnny Mize
20.4%

You're not logged in!

Compare scores with friends on all Sporcle quizzes.
OR
Log In

Show Comments

Extras

Top Quizzes Today


Score Distribution

Your Account Isn't Verified!

In order to create a playlist on Sporcle, you need to verify the email address you used during registration. Go to your Sporcle Settings to finish the process.

Report this User

Report this user for behavior that violates our Community Guidelines.

Details: